000 002790000a22000970004500
100 1 _aCordero Iran, Silvia
245 1 0 _aMexican short story : "Susy's mother"
300 _aVol. 73, Num 3 (Julio-Septiembre, 1993), Páginas 18-20
773 0 _tLatin America Evangelist
942 _cANA
999 _c54757
_d54757